000 00451nam a2200181Ia 4500
001 16239
005 20260306170255.0
008 260306t1995||||xx |||||||||||||| ||und||
041 _aESP
082 _a347.51
_bE92
100 _aCosta Climent, Juan
_eAUT
245 0 _aEstudio para la reforma del impuesto sobre sociedades
260 _c1995
300 _a265 páginas :
_c22 cm.
650 _aGEN
654 _aCDE
942 _cLIB
_dJUS
_fJUS
_2ddc
_n
999 _c16239
_d16239